Reliability Engineering Handbook Vol-2 (Record no. 23708)

000 -LEADER
fixed length control field 00613nam a22001217a 4500
003 - CONTROL NUMBER IDENTIFIER
control field NUST
005 - DATE AND TIME OF LATEST TRANSACTION
control field 20170607105004.0
008 - FIXED-LENGTH DATA ELEMENTS--GENERAL INFORMATION
fixed length control field 140101b xxu||||| |||| 00| 0 eng d
020 ## - INTERNATIONAL STANDARD BOOK NUMBER
International Standard Book Number 1932078010
Terms of availability Available
040 ## - CATALOGING SOURCE
Original cataloging agency DLC
Language of cataloging DLC
Transcribing agency RCMS
082 ## - DEWEY DECIMAL CLASSIFICATION NUMBER
Classification number 620.00452 KEC
Author Mark 002562
100 ## - MAIN ENTRY--PERSONAL NAME
Personal name Dimitri B,Kececioglu
9 (RLIN) 2114
245 ## - TITLE STATEMENT
Title Reliability Engineering Handbook Vol-2
Statement of responsibility, etc. Kececioglu Dimitri
260 ## - PUBLICATION, DISTRIBUTION, ETC.
Place of publication, distribution, etc. USA
Name of publisher, distributor, etc. DEStech Publications
Date of publication, distribution, etc. c.2002
300 ## - PHYSICAL DESCRIPTION
Extent xxv,550,p:
Other physical details ill:
Dimensions 22,cm.
538 ## - SYSTEM DETAILS NOTE
Display text Shelf No 1 Row No 3
650 ## - SUBJECT ADDED ENTRY--TOPICAL TERM
General subdivision Aerospace and Mechanical Engineering
9 (RLIN) 2115
856 ## - ELECTRONIC LOCATION AND ACCESS
Materials specified Table of Content Only
942 ## - ADDED ENTRY ELEMENTS (KOHA)
Source of classification or shelving scheme
Koha item type Book
Holdings
Withdrawn status Lost status Source of classification or shelving scheme Damaged status Not for loan Permanent Location Current Location Shelving location Date acquired Total Checkouts Full call number Barcode Date last seen Price effective from Koha item type
          Central Library (CL) Central Library (CL) General Stacks 01/01/2014   620.00452KEC RCMS002526 01/01/2014 01/01/2014 Book
          School of Interdisciplinary Engineering and Sciences (SINES) School of Interdisciplinary Engineering and Sciences (SINES) General Stacks 01/01/2014   620.00452KEC RCMS002562 01/01/2014 01/01/2014 Book
© 2023 Central Library, National University of Sciences and Technology. All Rights Reserved.